Virózam ozimín predchádzala minuloročná teplá a slnečná jeseň

Bibliographic Details
Main Author: Vlčková, Hedviga (Author)
Format: Article
Language:Slovak
Subjects:

MARC

LEADER 00000nab a2200000 a 4500
001 vtls000761963
003 SK-MaSNL
005 20260304171031.0
008 180206c2001 xo 0 slo
015 |a SNBRB2001/06-19767 
035 |a CLN000113750 
040 |a SNKBUCL  |b slo  |c SNKBUCL  |e AACR2 
041 0 |a slo 
044 |a xo  |c SK 
080 |a 632.38(437.6):633.1"324"  |2 UDC-MRF-SK2 
080 |a 633.1"324"(437.6)  |2 UDC-MRF-SK2 
100 1 |a Vlčková, Hedviga  |4 aut  |9 845756 
245 1 0 |a Virózam ozimín predchádzala minuloročná teplá a slnečná jeseň  |c Hedviga Vlčková 
650 0 7 |a ozimné obilniny  |2 snkbucl  |9 58554 
650 0 7 |a vírusové choroby  |2 snkbucl  |9 949 
655 7 |a články z novín a časopisov  |2 snkbucl  |9 267496 
773 0 |t Roľnícke noviny  |g Č. 104 (31.5.2001) 
773 0 |t [Príl.] Agrárne ozveny  |g S. 5 
850 |a Slovenská národná knižnica v Martine 
852 |a SNK  |b KIS3GCP 
958 |a RBX 
999 |c 2991138  |d 2993068